Наземное лазерное сканирование прожекторной мачты; Известия вузов. Физика; Т. 57, № 9/3

Xehetasun bibliografikoak
Parent link:Известия вузов. Физика: научный журнал.— , 1957-
Т. 57, № 9/3.— 2014.— [С. 243-246]
Egile korporatiboa: Национальный исследовательский Томский политехнический университет (ТПУ) Институт физики высоких технологий (ИФВТ) Кафедра теоретической и прикладной механики (ТПМ), Национальный исследовательский Томский политехнический университет (ТПУ) Институт физики высоких технологий (ИФВТ) Кафедра лазерной и световой техники (ЛиСТ)
Beste egile batzuk: Токмаков Е. В. Евгений Владимирович, Павлов О. В. Олег Владимирович, Манабаев К. К. Кайрат Камитович, Павлов М. С. Михаил Сергеевич, Яковлев А. Н. Алексей Николаевич
Gaia:Заглавие с экрана
Описана технология и приведены результаты наземного лазерного сканирования прожекторной мачты ВС-40-ВО/16-III+МЛ-27Ф.
Application of terrestrial laser scanning for the non-destructive inspection of lighting mast is the promising way. It allows collecting high accuracy data in short time and save many funds.
Режим доступа: по договору с организацией-держателем ресурса
Hizkuntza:errusiera
Argitaratua: 2014
Gaiak:
Sarrera elektronikoa:http://elibrary.ru/item.asp?id=23274372
Formatua: MixedMaterials Baliabide elektronikoa Liburu kapitulua
KOHA link:https://koha.lib.tpu.ru/cgi-bin/koha/opac-detail.pl?biblionumber=641719

MARC

LEADER 00000naa0a2200000 4500
001 641719
005 20250402131030.0
035 |a (RuTPU)RU\TPU\network\6636 
035 |a RU\TPU\network\6634 
090 |a 641719 
100 |a 20150529d2014 k||y0rusy50 ca 
101 0 |a rus 
102 |a RU 
135 |a drcn ---uucaa 
181 0 |a i  
182 0 |a b 
200 1 |a Наземное лазерное сканирование прожекторной мачты  |f Е. В. Токмаков [и др.] 
203 |a Текст  |c электронный 
300 |a Заглавие с экрана 
320 |a [Библиогр.: 4 назв.] 
330 |a Описана технология и приведены результаты наземного лазерного сканирования прожекторной мачты ВС-40-ВО/16-III+МЛ-27Ф. 
330 |a Application of terrestrial laser scanning for the non-destructive inspection of lighting mast is the promising way. It allows collecting high accuracy data in short time and save many funds. 
333 |a Режим доступа: по договору с организацией-держателем ресурса 
461 |t Известия вузов. Физика  |o научный журнал  |d 1957- 
463 |t Т. 57, № 9/3  |v [С. 243-246]  |d 2014 
510 1 |a Terrestrial laser scaning of high lighting mast  |z eng 
610 1 |a электронный ресурс 
610 1 |a труды учёных ТПУ 
610 1 |a лазерное сканирование 
610 1 |a прожекторная мачта 
610 1 |a неразрушающий контроль 
701 1 |a Токмаков  |b Е. В.  |c специалист в области светотехники  |c инженер-проектировщик Томского политехнического университета  |f 1987-  |g Евгений Владимирович  |3 (RuTPU)RU\TPU\pers\30639  |9 14920 
701 1 |a Павлов  |b О. В.  |c специалист в области светотехники  |c инженер-проектировщик Томского политехнического университета  |f 1987-  |g Олег Владимирович  |3 (RuTPU)RU\TPU\pers\30928  |9 15166 
701 1 |a Манабаев  |b К. К.  |c физик  |c доцент Томского политехнического университета, кандидат физико-математических наук  |f 1985-  |g Кайрат Камитович  |3 (RuTPU)RU\TPU\pers\31643  |9 15781 
701 1 |a Павлов  |b М. С.  |c физик  |c старший преподаватель Томского политехнического университета  |f 1984-  |g Михаил Сергеевич  |3 (RuTPU)RU\TPU\pers\30626  |9 14907 
701 1 |a Яковлев  |b А. Н.  |c специалист в области светотехники  |c проректор-директор Томского политехнического университета, кандидат физико-математических наук  |f 1971-  |g Алексей Николаевич  |3 (RuTPU)RU\TPU\pers\29892  |9 14364 
712 0 2 |a Национальный исследовательский Томский политехнический университет (ТПУ)  |b Институт физики высоких технологий (ИФВТ)  |b Кафедра теоретической и прикладной механики (ТПМ)  |3 (RuTPU)RU\TPU\col\18695 
712 0 2 |a Национальный исследовательский Томский политехнический университет (ТПУ)  |b Институт физики высоких технологий (ИФВТ)  |b Кафедра лазерной и световой техники (ЛиСТ)  |3 (RuTPU)RU\TPU\col\18690 
801 2 |a RU  |b 63413507  |c 20150529  |g RCR 
856 4 |u http://elibrary.ru/item.asp?id=23274372 
942 |c CF